Gymnastique artistique féminine - JO 1976 - Statistiques

Statistiques générales
  • Ce quiz a été pris 12 fois
  • Le résultat moyen est 8 sur 18
Statistiques - réponses
Concours Classement Gymnaste (ou pays) % Correct
Concours général individuel Médaille d'or Nadia Comaneci
78%
Barres asymétriques Médaille d'or Nadia Comaneci
78%
Poutre Médaille d'or Nadia Comaneci
78%
Médaille de bronze Nadia Comaneci
78%
Médaille d'argent Roumanie
67%
Médaille d'argent Nellie Kim
56%
Saut de cheval Médaille d'or Nellie Kim
56%
Sol Médaille d'or Nellie Kim
56%
Médaille d'argent Olga Korbut
44%
Concours par équipes Médaille d'or URSS
44%
Médaille de bronze Lyudmilla Tourischeva
33%
Médaille d'argent ex-æquo Lyudmilla Tourischeva
33%
Médaille d'argent Lyudmilla Tourischeva
33%
Médaille de bronze Allemagne de l'Est
22%
Médaille d'argent Teodora Ungureanu
11%
Médaille de bronze Teodora Ungureanu
11%
Médaille d'argent ex-æquo Carola Dombeck
0%
Médaille de bronze Marta Egervari
0%
Aucun quiz correspondant
Distribution des résultats
% des personnes avec chaque résultat
Percentile par nombre de réponses
Votre historique - résultats
Vous n’avez pas pris ce quiz